TOP NCAA FOOTBALL QBs BY PICTURE - Statistics

General Stats
  • This quiz has been taken 209 times
    206 since last reset
  • The average score is 18 of 24
Answer Stats
Picture Answer % Correct
Joe Burrow
99%
Baker Mayfield
98%
Cam Newton
97%
Lamar Jackson
96%
Peyton Manning
95%
Trevor Lawrence
95%
Jameis Winston
92%
Patrick Mahomes
92%
Johnny Manziel
91%
Marcus Mariota
90%
Tim Tebow
90%
Jalen Hurts
88%
Michael Vick
85%
Robert Griffin III
85%
Andrew Luck
80%
Vince Young
74%
Geno Smith
66%
Sam Bradford
60%
Matt Leinart
56%
Colt McCoy
48%
Case Keenum
40%
Brady Quinn
38%
Kellen Moore
32%
Colt Brennan
27%
No matching quizzes found
Score Distribution
Percent of People with Each Score
Percentile by Number Answered
Your Score History
You have not taken this quiz since the last reset